|
|
|
|
| LEADER |
00689nta a2200193 i 4500 |
| 001 |
dipl133103 |
| 005 |
20230317084233.0 |
| 008 |
230316s2009 hu om 0|| rus d |
| 040 |
|
|
|a SZTE Diploma Repozitórium
|b hun
|
| 041 |
|
|
|a rus
|
| 100 |
1 |
|
|a Stifter Ádám
|
| 245 |
1 |
0 |
|a Иван Грозный и опричнина
|h [elektronikus dokumentum] /
|c Ádám Stifter
|
| 246 |
1 |
0 |
|a Rettegett Iván, és az opricsnyina
|h [elektronikus dokumentum]
|
| 260 |
|
|
|c 2009
|
| 650 |
|
4 |
|a Pedagógusképzés
|
| 650 |
|
4 |
|a Humanities
|
| 650 |
|
4 |
|a Languages and Literature
|
| 700 |
1 |
|
|a Ferincz István
|e ths
|
| 856 |
4 |
0 |
|u https://diploma.bibl.u-szeged.hu/id/eprint/133103/1/2009_stifter_adam.pdf
|z Dokumentum-elérés
|